Los Significados del cambio /
Gorde:
| Egile nagusia: | |
|---|---|
| Formatua: | Texto |
| Gaiak: | |
| Etiketak: |
Etiketa erantsi
Etiketarik gabe, Izan zaitez lehena erregistro honi etiketa jartzen!
|
MARC
| LEADER | 00000 a a2200000 04500 | ||
|---|---|---|---|
| 001 | 9655 | ||
| 003 | |||
| 040 | |||
| 100 | |a Castaneda, Joge G | ||
| 245 | |a Los Significados del cambio / |c Joge G Castaneda | ||
| 650 | |a REFORMA POLITICA | ||
| 650 | |a DEMOCRACIA | ||
| 650 | |a DEMOCRATIZACION | ||
| 650 | |a AUTORITARISMO | ||
| 773 | |g volumen 7, número 30; páginas 46-50 | ||
| 999 | |c 30648 |d 30648 | ||
